Extreme Demon - Sudden Death #2 - Statistics

General Stats
  • This quiz has been taken 14 times
  • The average score is 2 of 14
Answers on the Grid
Answers color-coded by a green-red scale on the quiz's grid according to % correct below.
Thinking Space III
Gunslinga Corridor
4 Matilda
Cosmonaut 21
Niflhel
Choleric
Mystic
The Hell Fantasy
Akashi Records
Defeated Circle
Aerial Gleam
Ouroboros Startpos 3
Lesicuv
Silentium Gradas
Relevant
Arctic Lights
The Paroxysm
Ashley Wave Trial
Through the Gates
Gamma Interface
Balengu Vortex
Zirokabi
YKDSYKDS1479YMDPPR
Jupiter my Favourite
Atomic Cannon Mk IV
Plasma Pulse III
Photovoltaic
X0
Thanatophobia
SARYYX NEVER CLEAR
Cryothorn Hell
Shuketsu
 
Answer Stats
Answer % Correct
4 Matilda
50%
Aerial Gleam
25%
Mystic
25%
Niflhel
25%
SARYYX NEVER CLEAR
25%
YKDSYKDS1479YMDPPR
25%
Arctic Lights
0%
Balengu Vortex
0%
Cryothorn Hell
0%
Jupiter my Favourite
0%
Plasma Pulse III
0%
Silentium Gradas
0%
Through the Gates
0%
X0
0%
No matching quizzes found
Score Distribution
Percent of People with Each Score
Percentile by Number Answered
Your Score History
You have not taken this quiz